000 00417nam a2200133Ia 4500
008 231129s2012||||xx |||||||||||||| ||spa||
020 _a978-84-9892-433-6
082 _a909 W582l
100 _aWhite Matthew.
245 0 _aEl libro negro de la humanidad: crónica de las grandes atrocidades de la historia
260 _c2012
264 _aBarcelona : Crí­tica
942 _2ddc
_cBKS
999 _c11577
_d11577